Among Us Rap 2020 - Lyrics (Bodinson666) - Statistics

General Stats
  • This quiz has been taken 8 times
  • The average score is 160 of 304
Answer Stats
Answer % Correct
a
100%
am
100%
be
100%
but
100%
button
100%
crew
100%
crewmate
100%
do
100%
I
100%
Im
100%
impostor
100%
kill
100%
me
100%
my
100%
no
100%
of
100%
push
100%
red
100%
the
100%
to
100%
what
100%
you
100%
all
50%
as
50%
cams
50%
clout
50%
corner
50%
die
50%
eye
50%
for
50%
from
50%
fucking
50%
get
50%
gonna
50%
great
50%
hell
50%
him
50%
in
50%
into
50%
kick
50%
like
50%
looks
50%
might
50%
not
50%
out
50%
see
50%
so
50%
someone
50%
space
50%
take
50%
task
50%
tasks
50%
those
50%
til
50%
venting
50%
vote
50%
voting
50%
watch
50%
will
50%
your
50%
2020
0%
about
0%
absolute
0%
an
0%
and
0%
back
0%
balls
0%
being
0%
better
0%
blame
0%
call
0%
catch
0%
come
0%
complete
0%
could
0%
drill
0%
dub
0%
dud
0%
easy
0%
entire
0%
fall
0%
first
0%
full
0%
game
0%
games
0%
getting
0%
going
0%
gotta
0%
halls
0%
have
0%
how
0%
Id
0%
join
0%
know
0%
lame
0%
lobby
0%
make
0%
mask
0%
mission
0%
new
0%
one
0%
paired
0%
remember
0%
running
0%
same
0%
second
0%
server
0%
sorry
0%
suckiest
0%
sure
0%
that
0%
thats
0%
thinks
0%
this
0%
though
0%
thought
0%
thrill
0%
through
0%
turns
0%
wear
0%
while
0%
win
0%
with
0%
year
0%
No matching quizzes found
Score Distribution
Percent of People with Each Score
Percentile by Number Answered
Your Score History
You have not taken this quiz